000 05414namaa22004091i 4500
003 OSt
005 20260513092950.0
008 250827s2025 ua a|||frm||| 000 0 eng d
040 _aEG-GICUC
_bara
_cEG-GICUC
_dEG-GICUC
_erda
041 0 _aara
_bara
_beng
049 _aإيداع
082 0 4 _a726.8
092 _a726.8
_221
097 _aمــــاجستير
099 _aCai01.14.04.M.Sc.2025.رن.ت
100 0 _a،رنا حمادة حمدى عثمان
_eإعداد.
245 1 0 _aتصوير القصص الديني على جدران سراديب الموتى فى روما ومقارنتها مع مثيلاتها من مصر /
_cإعداد رنا حمادة حمدى عثمان؛ إشراف أ.م.د. منى جبر عبد النبي.
246 1 5 _aDepicting religious narrative on the catacombs walls in rome compared with similar ones from egypt /
264 0 _c2025.
300 _a335 صفحة :
_bالرسالة جزئين في مجلد واحد؛
_c30 سم. +
_eCD.
336 _atext
_2rda content
337 _aUnmediated
_2rdamedia
338 _avolume
_2rdacarrier
502 _aأطروحة (ماجستير)-جامعة القاهرة، 2025.
504 _aببليوجرافيا: صفحات 200-215.
520 _aتناول البحث موضوع " تصوير القصص الديني علي جدران سراديب الموتي في روما ومقارنتها مع مثيلاتها من مصر"، وقد تم تقسيمه إلي تمهيد، وأربعة فصول، وخاتمة، ثم أربعة ملاحق، وجاءت علي رأسهم المقدمة والتي عرضت أهمية الموضوع وأسباب إختياره، فضلا عن الدراسات السابقة. في البداية تناول التمهيد تعريف بسيط عن طقوس الدفن وطرز المقابر الرومانية وتطورها وصولاً إلي نشأة سراديب الموتي وتطورها والإضطهاد الكبير الذي عاني منه المسيحيون فترات من الزمن. أما الفصل الأول، فتناول طبيعة الموضوعات المصورة علي جدران تلك السراديب وجذورها في الفن الروماني وطرق التصوير الرومانية ما قبل السراديب مثل التصوير الجنائزي الإتروسكي وأساليب بومبي الأربعة، وإشتمل الفصل أيضاً علي نبذه بالموضوعات المصورة وطبيعتها تمهيداً لعرضها بالتفصيل في الفصول التالية. تضمن الفصل الثاني الموضوعات الوثنية المصورة علي جدران سراديب الموتي في روما مثل تصوير مشاهد هيراكليس وأورفيوس والجورجون ميدوزا ثم طائر الفينيق وإبراز أسباب ظهور تلك الموضوعات الوثنية علي جدران سراديب موتي مسيحية. في حين تناول الفصل الثالث عرض مفصل للقصص الديني المسيحي المصور علي جدران السراديب والمشتق من كلا العهدين القديم والجديد وأماكن العثور عليها وتأريخها، أيضا وصف فني لتلك الجداريات الهامة. في حين تناول الفصل الرابع الدراسة التحليلية للموضوعات المصورة علي جدران سراديب الموتي في روما مع عمل مقارنات فنية وتاريخية مع مثيلاتها في مصر مثل مقابر البجوات ومقابر كرموز لما تضمنته تلك المقابر من موضوعات متشابهه مع تلك الموجودة في روما. ثم تأتي الخاتمة وبها النتائج التي توصلت إليها الطالبة من خلال البحث في نقاط محدودة . وأخيراً ذيل البحث بخمس فهارس من بينهما فهرس الأشكال التوضيحية.
520 _aThe research is divided into two parts. Part one highlights the importance of the topic and the reasons behind its selection, presenting an overview of burial rituals and the styles of Roman tombs, leading up to the emergence and development of the catacombs.Chapter One: focuses on the nature of the subjects depicted on the walls of these catacombs.Chapter Two: studies the pagan themes. Chapter Three: explores Christian religious narratives.Chapter Four: offers an analytical study of the themes illustrated on the walls of the Roman catacombs, alongside artistic and historical comparisons with their counterparts in Egypt.Part two: An index of illustrations
530 _aصدر أيضًا كقرص مدمج.
546 _aالنص بالعربية والملخص باللغة الإنجليزية والعربية.
650 7 _aمستودعات الجثث والمقابر
_2qrmak
653 0 _aفن مسيحي
_aروما
_aسراديب الموتي
700 0 _aمنى جبر عبد النبي
_eمشرف أطروحة.
900 _b13-02-2025
_cمنى جبر عبد النبي
_dعبد الرحمن علي عبد الرحمن
_dماري ميساك كيبليان
_Uجامعة القاهرة
_Fكلية الاثار
_Dقسم الآثار اليونانية الرومانية
905 _aSara
942 _2ddc
_cTH
_e21
_n0
999 _c180112